Skip to main content
Your cart is empty.
Your lists
Log in to create your own lists
Your cookies
العربية
English
العربية
Home
Search
Advanced search
Authority search
About
The noble scholar, jurist, historian
His Excellency Dr. Abdul Wahhab bin Ibrahim Abu Sulaiman, may Allah have mercy on him.
He was born in Umm Al-Qura in the year 1356 AH.
Library catalog
Title
Author
Subject
ISBN
ISSN
Series
Call number
Log in to your account
×
Login:
Password:
Home
MARC view: الشيخ عبد العزيز بن صالح :
Normal view
MARC view
ISBD view
الشيخ عبد العزيز بن صالح : (Record no. 9971)
[
view plain
]
MARC details
000 -LEADER
fixed length control field
01795cam a22003491i 4500
003 - CONTROL NUMBER IDENTIFIER
control field
SA-RiAUC
005 - DATE AND TIME OF LATEST TRANSACTION
control field
20250716060458.0
006 - FIXED-LENGTH DATA ELEMENTS--ADDITIONAL MATERIAL CHARACTERISTICS
fixed length control field
m g d
008 - FIXED-LENGTH DATA ELEMENTS--GENERAL INFORMATION
fixed length control field
250715s2006 su g 00010bara c
020 ## - INTERNATIONAL STANDARD BOOK NUMBER
International Standard Book Number
9960015823
024 0# - OTHER STANDARD IDENTIFIER
Standard number or code
00000000285075
040 ## - CATALOGING SOURCE
Original cataloging agency
SA-JeALM
Language of cataloging
ara
Transcribing agency
SA-RiAUC
Modifying agency
KAC
Description conventions
rda
082 04 - DEWEY DECIMAL CLASSIFICATION NUMBER
Classification number
922.58
Assigning agency
SA-RiAUC
090 ## - LOCALLY ASSIGNED LC-TYPE CALL NUMBER (OCLC); LOCAL CALL NUMBER (RLIN)
Classification number (OCLC) (R) ; Classification number, CALL (RLIN) (NR)
922.58
Local cutter number (OCLC) ; Book number/undivided call number, CALL (RLIN)
ص ا ل
100 1# - MAIN ENTRY--PERSONAL NAME
Personal name
الصالح، ناصر عبد الله عثمان،
Dates associated with a name
1362 هجري-
Relator term
مؤلف.
245 12 - TITLE STATEMENT
Title
الشيخ عبد العزيز بن صالح :
Remainder of title
سيرة عطرة ومسيرة خيرة مباركة /
Statement of responsibility, etc.
إعداد أ. د. ناصر بن عبد الله بن عثمان الصالح ؛ تقديم صاحب السمو الملكي الأمير نايف بن عبد العزيز.
250 ## - EDITION STATEMENT
Edition statement
الطبعة الأولى.
264 #1 - PRODUCTION, PUBLICATION, DISTRIBUTION, MANUFACTURE, AND COPYRIGHT NOTICE
Place of production, publication, distribution, manufacture
الرياض ؛
--
القاهرة ؛
--
بيروت :
Name of producer, publisher, distributor, manufacturer
مكتبة الرشد،
Date of production, publication, distribution, manufacture, or copyright notice
2006
300 ## - PHYSICAL DESCRIPTION
Extent
512 صفحة ؛
Dimensions
24 سم.
Accompanying material
3 قرص مليزر
336 ## - CONTENT TYPE
Content type term
نص
Content type code
txt
Source
rdacontent
Materials specified
كتاب
336 ## - CONTENT TYPE
Content type term
غير محدد
Content type code
zzz
Source
rdacontent
337 ## - MEDIA TYPE
Media type term
بدون وسيط
Media type code
n
Source
rdamedia
338 ## - CARRIER TYPE
Carrier type term
مجلد
Carrier type code
nc
Source
rdacarrier
500 ## - GENERAL NOTE
General note
اهداء من المؤلف ناصر الصالح الى الشيخ رحمه الله بتاريخ 11 / 5 / 1428 هـ
504 ## - BIBLIOGRAPHY, ETC. NOTE
Bibliography, etc. note
ببليوجرافية : صفحة 415-425.
600 17 - SUBJECT ADDED ENTRY--PERSONAL NAME
Personal name
الصالح، عبد العزيز بن صالح،
Dates associated with a name
1328-1415 هجري
Source of heading or term
aucnm
650 #7 - SUBJECT ADDED ENTRY--TOPICAL TERM
Topical term or geographic name entry element
الفقهاء السعوديون
Form subdivision
تراجم
Source of heading or term
aucsh
650 #7 - SUBJECT ADDED ENTRY--TOPICAL TERM
Topical term or geographic name entry element
الفقهاء
Form subdivision
تراجم
Source of heading or term
aucsh
700 1# - ADDED ENTRY--PERSONAL NAME
Personal name
آل سعود، نايف بن عبد العزيز بن عبد الرحمن،
Titles and other words associated with a name
أمير السعودية،
Dates associated with a name
1433-1353 هجري
Relator term
مقدم.
942 ## - ADDED ENTRY ELEMENTS (KOHA)
Source of classification or shelving scheme
Dewey Decimal Classification
Koha item type
Books
Suppress in OPAC
No
949 ## - LOCAL PROCESSING INFORMATION (OCLC)
a
SA-JeALM
d
250715
u
osman123
n
1
Holdings
Withdrawn status
Lost status
Source of classification or shelving scheme
Damaged status
Not for loan
Collection
Home library
Current library
Date acquired
Total checkouts
Full call number
Barcode
Date last seen
Price effective from
Koha item type
Dewey Decimal Classification
اهداء
DR AbdElwahab Library
DR AbdElwahab Library
07/16/2025
922.58 ص ا ل
000016160
07/16/2025
07/16/2025
Books
Dewey Decimal Classification
اهداء
DR AbdElwahab Library
DR AbdElwahab Library
03/06/2026
922.58 ص ا ل
000022908
03/06/2026
03/06/2026
Books
Place hold
Print
Add to your cart
(remove)
Save record
BIBTEX
Dublin Core
MARCXML
MARC (non-Unicode/MARC-8)
MARC (Unicode/UTF-8)
MARC (Unicode/UTF-8, Standard)
MODS (XML)
RIS
ISBD
More searches
Search for this title in:
Other Libraries (WorldCat)
Other Databases (Google Scholar)
Online Stores (Bookfinder.com)
Open Library (openlibrary.org)
Exporting to Dublin Core...
×
Simple DC-RDF
OAI-DC
SRW-DC